000 00554nam a2200181Ia 4500
008 100920s9999 xx 000 0 und d
082 _b74452
_a891.43 थ 68
100 _aगुरूदेव.
245 _aजागृति.
260 _bराजपाल एण्ड सन्स ,कश्मीरी गेट, दिल्ली.
_c1968
300 _a244
_bसाधी
365 _b5
520 _aहिंदी.
630 _aजागृति.
650 _aहिंदी.
730 _aजागृति.
942 _cBOOK
999 _c716050
_d716047